Southville International School and Colleges
Your cart is empty.
  • Cart
  • Lists
    Public lists Eva Luna New books Lux_list list_1
    Your lists Log in to create your own lists
  • Log in to your account
  • Your cookies
  • Search history
Southville International School and Colleges
  • Advanced search
  • Recent comments
  • Most popular
  • Libraries

Log in to your account

Log in with GOOGLE


If you do not have an external account, but do have a local account, you can still log in:

  1. Home
  2. MARC view: Harrison's principles of internal medicine /
Normal view MARC view ISBD view

Harrison's principles of internal medicine / (Record no. 357642)

[ view plain ]
MARC details
000 -LEADER
fixed length control field 00671nam a2200241Ia 4500
008 - FIXED-LENGTH DATA ELEMENTS--GENERAL INFORMATION
fixed length control field 180523s9999 xx 000 0 und d
020 ## - INTERNATIONAL STANDARD BOOK NUMBER
International Standard Book Number 0-07-113380-1
050 ## - LIBRARY OF CONGRESS CALL NUMBER
Classification number MAIN RC 46
050 ## - LIBRARY OF CONGRESS CALL NUMBER
Item number .H37 1994 v.2
245 #0 - TITLE STATEMENT
Title Harrison's principles of internal medicine /
245 #0 - TITLE STATEMENT
Statement of responsibility, etc editors, Kurt J. Isselbacher… [et al].
250 ## - EDITION STATEMENT
Edition statement 13th edition
260 ## - PUBLICATION, DISTRIBUTION, ETC. (IMPRINT)
Place of publication, distribution, etc New York :
260 ## - PUBLICATION, DISTRIBUTION, ETC. (IMPRINT)
Name of publisher, distributor, etc McGraw-Hill,
260 ## - PUBLICATION, DISTRIBUTION, ETC. (IMPRINT)
Date of publication, distribution, etc 1994
300 ## - PHYSICAL DESCRIPTION
Extent 1 volume (various paging) :
300 ## - PHYSICAL DESCRIPTION
Other physical details illustrations ;
300 ## - PHYSICAL DESCRIPTION
Dimensions 28 cm.
440 ## - SERIES STATEMENT/ADDED ENTRY--TITLE
Volume number/sequential designation 2
500 ## - GENERAL NOTE
General note Includes index.
650 ## - SUBJECT ADDED ENTRY--TOPICAL TERM
Topical term or geographic name as entry element Internal medcine.
650 ## - SUBJECT ADDED ENTRY--TOPICAL TERM
General subdivision Internal medicine -- Examinations, questions, tic.
Holdings
Withdrawn status Lost status Damaged status Home library Current library Shelving location Date acquired Cost, normal purchase price Total Checkouts Full call number Barcode Date last seen Price effective from Koha item type
      South Mansfield College South Mansfield College   01/11/2008 0.00   MAIN RC 46 .H37 1994 v.2 SMC04654 05/23/2018 05/23/2018  

Harrison's principles of internal medicine /

APA

Harrison's principles of internal medicine. New York: .

Chicago

Harrison's principles of internal medicine. New York: .

Harvard

Harrison's principles of internal medicine. New York: .

MLA

New York: . .

  • Place hold
  • Print
  • Cite
  • Add to your cart (remove)
  • Save record
    BIBTEX Dublin Core MARCXML MARC (non-Unicode/MARC-8) MARC (Unicode/UTF-8) MARC (Unicode/UTF-8, Standard) MODS (XML) RIS
  • More searches
    Search for this title in:
    Other Libraries (WorldCat) Other Databases (Google Scholar) Online Stores (Bookfinder.com) Open Library (openlibrary.org)

Exporting to Dublin Core...

SOUTHVILLE LIBRARY

Southville International School and Colleges Library

1281 Tropical Ave. Cor. Luxembourg St., BF Homes International, Las Pinas City

Tel. No. 8256374 / 252358 Loc. 117/146

Powered by Koha